Text book for spectra / (Record no. 38714)

MARC details
000 -LEADER
fixed length control field 00758nam a22002177a 4500
005 - DATE AND TIME OF LATEST TRANSACTION
control field 2010080203043.0
010 ## - LCCN (DPL NO)
LC control number ENG-97698
020 ## - INTERNATIONAL STANDARD BOOK NUMBER
International Standard Book Number 9788190790833
Terms of availability 120.00
035 ## - SYSTEM CONTROL NUMBER
System control number EN-81231
037 ## - SOURCE OF ACQUISITION
Source of stock number/acquisition DBAD/PUB
082 ## - DEWEY DECIMAL CLASSIFICATION NUMBER
Classification number 537.5352
100 ## - MAIN ENTRY--PERSONAL NAME
Personal name Thangamani, N.
245 ## - TITLE STATEMENT
Title Text book for spectra /
Statement of responsibility, etc by N. Thangamani
260 ## - PUBLICATION, DISTRIBUTION, ETC. (IMPRINT)
Place of publication, distribution, etc Namakkal
Name of publisher, distributor, etc Jaya Pathippagam
Date of publication, distribution, etc 2008
270 ## - ADDRESS
Address Sellam Kudil/ Maruthu Patti (P.O)
City Namakkal
Postal code 637019
300 ## - PHYSICAL DESCRIPTION
Extent 136p.
Other physical details ill.
Dimensions 21cm (pbk)
650 ## - SUBJECT ADDED ENTRY--TOPICAL TERM
Topical term or geographic name as entry element Vibrational spectra
650 ## - SUBJECT ADDED ENTRY--TOPICAL TERM
Topical term or geographic name as entry element Spectroscopy
942 ## - ADDED ENTRY ELEMENTS (KOHA)
Source of classification or shelving scheme Dewey Decimal Classification
Item type English Books
Classification part 537.5352
Call number suffix THA
Holdings
Withdrawn status Lost status Not for loan Collection code Home library Current library Date acquired Source of acquisition Cost, normal purchase price Full call number Barcode Copy number Cost, replacement price Koha item type
    Not For Loan Non-fiction D.B.Act.Division D.B.Act.Division 02/08/2010 DBAD/PUB 120.00 537.5352 THA EN-81231 1 120.00 English Books

© Delhi Public Library
Hit Counter
free hit counter